El President Macià i el Parlament de Catalunya / Ismael E. Pitarch
Descripción Física:
125 p. : fot. ; 28 cm + 1 CD
MARC
| LEADER | 00000nam a2200000Ia 4500 | ||
|---|---|---|---|
| 001 | 21930 | ||
| 008 | 160829s2009 xx 000 0 cat d | ||
| 080 | |a H-3-84 | ||
| 100 | |a Pitarch, Ismael E. |q (Ismael Elies), |d 1948- |9 36276 | ||
| 245 | |a El President Macià i el Parlament de Catalunya / Ismael E. Pitarch | ||
| 250 | |a Ed. no venal | ||
| 260 | |a Barcelona : |b Parlament de Catalunya, |c 2009 | ||
| 300 | |a 125 p. : |b fot. ; |c 28 cm + 1 CD | ||
| 590 | |a Publicat en commemoració del 150è aniversari del naixement de Francesc Macià i Llussà. | ||
| 590 | |a Conté: CD 'La veu de Macià, banda sonora d'una època' | ||
| 600 | 0 | |a Macià, Francesc, |d 1859-1933 |9 5285 | |
| 610 | 1 | 0 | |a Catalunya. |b Generalitat |x Història |9 56412 |
| 650 | |a Catalunya. Parlament |x Història |9 36278 | ||
| 710 | 1 | |a Catalunya. |b Parlament |9 11492 | |
| 901 | |a Arxiu | ||
| 942 | |n 1 | ||
| 952 | |0 0 |1 0 |4 0 |6 H384 |7 1 |9 47269 |a Arxiu |b Arxiu |d 2016-12-01 |l 0 |o H-3-84 |p 21930 |r 2016-12-01 00:00:00 |w 2016-12-01 |y ARXIU | ||
| 999 | |c 51066 |d 51066 | ||